Slovenskí a maďarskí podnikatelia chcú lacnejšie úvery
Financovanie a podpora vzájomnej spolupráce podnikateľských subjektov na Slovensku a v Maďarsku. Platobný styk v medzinárodnom obchode medzi SR a MR. Vzájomné obchodné vzťahy a rast obchodnej výmeny. Ťažká prístupnosť k úverovým zdrojom v oboch krajinách.
Gespeichert in:
| 1. Verfasser: | |
|---|---|
| Format: | Buchkapitel |
| Sprache: | Slowakisch |
| Schlagworte: | |
| Tags: |
Keine Tags, Fügen Sie das erste Tag hinzu!
|
MARC
| LEADER | 00000naa a2200000 4500 | ||
|---|---|---|---|
| 001 | r042179 | ||
| 005 | 20230801095846.7 | ||
| 041 | 0 | |a slo | |
| 044 | |a SK | ||
| 245 | 1 | 0 | |a Slovenskí a maďarskí podnikatelia chcú lacnejšie úvery |c Marián Hutňan |
| 520 | |a Financovanie a podpora vzájomnej spolupráce podnikateľských subjektov na Slovensku a v Maďarsku. Platobný styk v medzinárodnom obchode medzi SR a MR. Vzájomné obchodné vzťahy a rast obchodnej výmeny. Ťažká prístupnosť k úverovým zdrojom v oboch krajinách. | ||
| 610 | 2 | 0 | |a spolupráca hospodárska medzinárodná |
| 610 | 2 | 0 | |a spolupráca medzinárodná |
| 610 | 2 | 0 | |a styk platobný |
| 610 | 2 | 0 | |a styk platobný medzinárodný |
| 610 | 2 | 0 | |a vzťahy hospodárske medzinárodné |
| 610 | 2 | 0 | |a vzťahy obchodné |
| 610 | 2 | 0 | |a Maďarsko |
| 610 | 2 | 0 | |a Slovensko |
| 100 | 1 | |a Hutňan, Marián | |